Handbook of international trade / (Record no. 20799)
[ view plain ]
| 000 -LEADER | |
|---|---|
| fixed length control field | 00821cam a22002415a 4500 |
| 001 - CONTROL NUMBER | |
| control field | 15675841 |
| 005 - DATE AND TIME OF LATEST TRANSACTION | |
| control field | 20151115152040.0 |
| 008 - FIXED-LENGTH DATA ELEMENTS--GENERAL INFORMATION | |
| fixed length control field | 021209s2003 maua frb 001 0 eng d |
| 020 ## - INTERNATIONAL STANDARD BOOK NUMBER | |
| International Standard Book Number | 0631211616 |
| 020 ## - INTERNATIONAL STANDARD BOOK NUMBER | |
| Cancelled/invalid ISBN | 9780631211617 |
| 040 ## - CATALOGING SOURCE | |
| Original cataloging agency | UK-RwCLS |
| Transcribing agency | UK-RwCLS |
| Modifying agency | EG-ScBUE |
| Language of cataloging | eng |
| 082 04 - DEWEY DECIMAL CLASSIFICATION NUMBER | |
| Classification number | 382 |
| Edition number | 22 |
| Item number | HAN |
| 245 00 - TITLE STATEMENT | |
| Title | Handbook of international trade / |
| Statement of responsibility, etc | edited by E. Kwan Choi and James Harrigan. |
| 260 ## - PUBLICATION, DISTRIBUTION, ETC. (IMPRINT) | |
| Place of publication, distribution, etc | Malden ; |
| -- | Oxford ; |
| -- | Victoria : |
| Name of publisher, distributor, etc | Blackwell Publishing Ltd, |
| Date of publication, distribution, etc | 2003. |
| 300 ## - PHYSICAL DESCRIPTION | |
| Extent | xiii, 435 p. : |
| Other physical details | ill. ; |
| Dimensions | 25 cm. |
| 500 ## - GENERAL NOTE | |
| General note | Index : p. 416-435. |
| 504 ## - BIBLIOGRAPHY, ETC. NOTE | |
| Bibliography, etc | Includes bibliographical references. |
| 650 #7 - SUBJECT ADDED ENTRY--TOPICAL TERM | |
| Topical term or geographic name as entry element | International trade. |
| Source of heading or term | BUEsh |
| 9 (RLIN) | 4508 |
| 653 ## - INDEX TERM--UNCONTROLLED | |
| Resource For college | BAEPS, Economics |
| Arrived date list | August2015 |
| -- | November2015 |
| 700 1# - ADDED ENTRY--PERSONAL NAME | |
| Personal name | Choi, Eun Kwan, |
| Dates associated with a name | 1946- |
| Relator term | editor |
| 700 1# - ADDED ENTRY--PERSONAL NAME | |
| Personal name | Harrigan, James. |
| Relator term | editor |
| 942 ## - ADDED ENTRY ELEMENTS (KOHA) | |
| Source of classification or shelving scheme | Dewey Decimal Classification |
| Call number prefix | 382 HAN |
| Withdrawn status | Lost status | Source of classification or shelving scheme | Damaged status | Not for loan | Koha collection | Home library | Current library | Shelving location | Date acquired | Source of acquisition | Cost, normal purchase price | Serial Enumeration / chronology | Total Checkouts | Full call number | Barcode | Date last seen | Cost, replacement price | Koha item type |
|---|---|---|---|---|---|---|---|---|---|---|---|---|---|---|---|---|---|---|
| Dewey Decimal Classification | Baccah | Central Library | Central Library | First floor | 01/09/2015 | Purchase | 1820.00 | 23317 | 382 HAN | 000030892 | 15/07/2025 | 2275.00 | Book - Borrowing |